00529nam a2200181Ia 450000100060000000800410000602000180004704000130006508200220007810000210010024501090012126000330023030000110026354600070027465000230028170000200030470000230032452121140503s9999 xx 000 0 und d a9780415574150 cPK-LaUMT a 363.325072bCRI- aJackson, Richard aCritical terrorism studiesba new research agendacJackson, Richard<>Smyth, Marie Breen<>Gunning, Jeroen aLondon,UK:bRoutledge,c2009 a274 p. aEN aTerrorism-Research aGunning, Jeroen aSmyth, Marie Breen